[Event "43. Olimpiada Batumi 2018 Femenina"]
[Site "Batumi GEO"]
[Date "2018.10.05"]
[Round "11.4"]
[White "Franco Valencia, Angela"]
[Black "Kyrkjebo, Hanna B"]
[Result "1-0"]
[WhiteElo "2188"]
[BlackElo "1947"]
[PlyCount "81"]
[EventDate "2018.09.24"]
[EventType "team-swiss"]
[EventRounds "11"]
[EventCountry "GEO"]
[SourceTitle "Ajedrez en Madrid"]
[Source "lmi"]
[SourceDate "2018.09.24"]
[WhiteTeam "Colombia"]
[BlackTeam "Norway"]
[WhiteTeamCountry "COL"]
[BlackTeamCountry "NOR"]

1. e4 e5 2. Nf3 Nc6 3. Bb5 a6 4. Ba4 Nf6 5. Qe2 b5 6. Bb3 Bc5 7. c3 d6 8. O-O
O-O 9. d3 h6 10. h3 Bb6 11. Rd1 Qe8 12. Nbd2 Ne7 13. Nf1 Ng6 14. Ng3 Be6 15. d4
Qc8 16. Bxe6 Qxe6 17. d5 Qd7 18. Nf5 Kh7 19. g3 Qd8 20. Kh2 Rc8 21. g4 Rh8 22.
Rg1 Kg8 23. Kg2 Kf8 24. Kf1 Nf4 25. Bxf4 exf4 26. g5 hxg5 27. Nxg5 g6 28. Nd4
Qe8 29. Re1 Rh5 30. Qf3 Rh4 31. Nc6 Nd7 32. Rg4 Rxg4 33. Qxg4 Ne5 34. Qxf4 Kg8
35. Qh4 Nxc6 36. dxc6 Bc5 37. e5 dxe5 38. Qh7+ Kf8 39. Qh8+ Ke7 40. Rxe5+ Kd6
41. Qf6+ 1-0

[Event "43. Olimpiada Batumi 2018 Femenina"]
[Site "Batumi GEO"]
[Date "2018.10.05"]
[Round "11.1"]
[White "Berend, Elvira"]
[Black "Lujan, Carolina"]
[Result "1-0"]
[WhiteElo "2300"]
[BlackElo "2350"]
[PlyCount "155"]
[EventDate "2018.09.24"]
[EventType "team-swiss"]
[EventRounds "11"]
[EventCountry "GEO"]
[SourceTitle "Ajedrez en Madrid"]
[Source "lmi"]
[SourceDate "2018.09.24"]
[WhiteTeam "Luxembourg"]
[BlackTeam "Argentina"]
[WhiteTeamCountry "LUX"]
[BlackTeamCountry "ARG"]

1. c4 Nf6 2. Nc3 d5 3. cxd5 Nxd5 4. g3 g6 5. Bg2 Nxc3 6. bxc3 Bg7 7. Rb1 Nc6 8.
h4 h6 9. d4 Qd6 10. h5 g5 11. e4 e6 12. Qa4 Qd7 13. Ba3 b6 14. Nf3 Bb7 15. O-O
O-O-O 16. Qc2 Na5 17. Rfe1 Nc4 18. Bc1 f5 19. Nd2 Nd6 20. Ba3 Qc6 21. Bxd6 Rxd6
22. Qb3 Rf8 23. Nc4 Rd7 24. Bf1 Rdf7 25. Nd2 f4 26. Bc4 Re7 27. Qa3 Qd6 28.
Qxd6 cxd6 29. Be2 Rc7 30. Rbc1 Kd7 31. Bg4 Ke7 32. gxf4 gxf4 33. Kg2 Rfc8 34.
Nf3 Rxc3 35. Rcd1 Bf6 36. d5 Rg8 37. Kh3 e5 38. Rc1 Rc5 39. Be6 Bc8 40. Bxc8
Rgxc8 41. Rxc5 Rxc5 42. Re2 Rc3 43. Kg4 b5 44. Rb2 a6 45. a4 Rc5 46. axb5 axb5
47. Kf5 Kf7 48. Nh2 Bg7 49. Ng4 Bf8 50. f3 Bg7 51. Ra2 Rc7 52. Ra6 Bf8 53. Rb6
Rd7 54. Rxb5 Re7 55. Rb6 Ra7 56. Rc6 Rb7 57. Nf2 Rd7 58. Nd3 Bg7 59. Nb4 Bf8
60. Na6 Be7 61. Rc2 Rd8 62. Rg2 Bg5 63. Nc7 Rc8 64. Ne6 Rc3 65. Nxg5+ hxg5 66.
Rb2 Rxf3 67. Rb7+ Kf8 68. Kf6 Ke8 69. Rb8+ Kd7 70. Kxg5 Rg3+ 71. Kh4 Rg1 72.
Rf8 Ke7 73. Rf5 Rg2 74. h6 Rg8 75. Kh5 Rf8 76. h7 Ra8 77. Kg6 f3 78. Rf7+ 1-0

[Event "43. Olimpiada Batumi 2018 Femenina"]
[Site "Batumi GEO"]
[Date "2018.10.05"]
[Round "11.2"]
[White "Amura, Claudia"]
[Black "Aghabekian, Liana"]
[Result "1-0"]
[WhiteElo "2249"]
[BlackElo "2188"]
[PlyCount "81"]
[EventDate "2018.09.24"]
[EventType "team-swiss"]
[EventRounds "11"]
[EventCountry "GEO"]
[SourceTitle "Ajedrez en Madrid"]
[Source "lmi"]
[SourceDate "2018.09.24"]
[WhiteTeam "Argentina"]
[BlackTeam "Luxembourg"]
[WhiteTeamCountry "ARG"]
[BlackTeamCountry "LUX"]

1. d4 Nf6 2. Bg5 Ne4 3. Bf4 c5 4. f3 Qa5+ 5. c3 Nf6 6. d5 e6 7. e4 Qb6 8. b3
exd5 9. exd5 Bd6 10. Bg5 O-O 11. Bc4 Qc7 12. Ne2 Re8 13. Bxf6 gxf6 14. Kf2 Be5
15. Qd3 b6 16. Nd2 f5 17. Qxf5 d6 18. Qg5+ Kh8 19. Bd3 Rg8 20. Qh5 f5 21. Bxf5
Qg7 22. Bxc8 Rxc8 23. Ne4 Rg8 24. g3 Nd7 25. Rad1 c4 26. f4 Nf6 27. Nxf6 Bxf6
28. Nd4 cxb3 29. axb3 Qc7 30. Qf5 Bxd4+ 31. cxd4 Rgf8 32. Qd3 Qf7 33. Qf3 Rac8
34. Rc1 a5 35. Rc6 Rxc6 36. dxc6 a4 37. Rb1 Qf5 38. Rc1 a3 39. Qc3 Re8 40. c7
a2 41. c8=Q 1-0

[Event "43. Olimpiada Batumi 2018 Femenina"]
[Site "Batumi GEO"]
[Date "2018.10.05"]
[Round "11.3"]
[White "Steil-Antoni, Fiona"]
[Black "Fernandez, Maria Florencia"]
[Result "1-0"]
[WhiteElo "2143"]
[BlackElo "2219"]
[PlyCount "67"]
[EventDate "2018.09.24"]
[EventType "team-swiss"]
[EventRounds "11"]
[EventCountry "GEO"]
[SourceTitle "Ajedrez en Madrid"]
[Source "lmi"]
[SourceDate "2018.09.24"]
[WhiteTeam "Luxembourg"]
[BlackTeam "Argentina"]
[WhiteTeamCountry "LUX"]
[BlackTeamCountry "ARG"]

1. e4 e6 2. d4 d5 3. exd5 exd5 4. Nf3 Nc6 5. Bd3 Bd6 6. O-O Nge7 7. Re1 Bg4 8.
c3 Qd7 9. Nbd2 O-O-O 10. b4 Ng6 11. Qa4 Kb8 12. Bb5 Nge7 13. Ne5 Bxe5 14. dxe5
Qe6 15. Nb3 Nxe5 16. Be3 Nc8 17. Bd4 f6 18. f4 Nb6 19. Qa3 a6 20. fxe5 axb5 21.
exf6 Qd6 22. fxg7 Rhg8 23. Qa5 Qg6 24. Qxb5 Rxg7 25. Bxg7 Bh3 26. g3 Qxg7 27.
Nd4 Qf7 28. Re3 h5 29. a4 Qg6 30. a5 Qh6 31. Rae1 Bd7 32. Qc5 Nc4 33. Re7 Qd2
34. Nb5 1-0

[Event "43. Olimpiada Batumi 2018 Femenina"]
[Site "Batumi GEO"]
[Date "2018.10.05"]
[Round "11.4"]
[White "Zuriel, Marisa"]
[Black "Blond Hanten, Elsa"]
[Result "1-0"]
[WhiteElo "2186"]
[BlackElo "1635"]
[PlyCount "73"]
[EventDate "2018.09.24"]
[EventType "team-swiss"]
[EventRounds "11"]
[EventCountry "GEO"]
[SourceTitle "Ajedrez en Madrid"]
[Source "lmi"]
[SourceDate "2018.09.24"]
[WhiteTeam "Argentina"]
[BlackTeam "Luxembourg"]
[WhiteTeamCountry "ARG"]
[BlackTeamCountry "LUX"]

1. e4 e5 2. Nf3 Nc6 3. Bb5 Bc5 4. c3 f5 5. d4 fxe4 6. Bxc6 dxc6 7. Nxe5 Bd6 8.
Qh5+ g6 9. Qe2 Nf6 10. Nd2 Bf5 11. h3 Qe7 12. g4 Be6 13. g5 Nh5 14. Nxe4 Bd5
15. Nf6+ Nxf6 16. gxf6 Qxf6 17. Nxg6+ Kd7 18. Ne5+ Bxe5 19. dxe5 Qf5 20. Rg1
Rhg8 21. Rg3 Rxg3 22. fxg3 Qxh3 23. Bf4 Ke6 24. O-O-O Bxa2 25. Qd3 Ke7 26. c4
Qe6 27. Qa3+ Kf7 28. Qxa2 b5 29. b3 a5 30. Qc2 Kg8 31. Rh1 Qe7 32. Rh4 Rd8 33.
Rg4+ Kh8 34. Bg5 Qa3+ 35. Kb1 Rf8 36. Bf6+ Rxf6 37. exf6 1-0

[Event "43. Olimpiada Batumi 2018 Femenina"]
[Site "Batumi GEO"]
[Date "2018.10.05"]
[Round "11.1"]
[White "Terao, Juliana Sayumi"]
[Black "Narva, Mai"]
[Result "0-1"]
[WhiteElo "2255"]
[BlackElo "2320"]
[PlyCount "98"]
[EventDate "2018.09.24"]
[EventType "team-swiss"]
[EventRounds "11"]
[EventCountry "GEO"]
[SourceTitle "Ajedrez en Madrid"]
[Source "lmi"]
[SourceDate "2018.09.24"]
[WhiteTeam "Brazil"]
[BlackTeam "Estonia"]
[WhiteTeamCountry "BRA"]
[BlackTeamCountry "EST"]

1. e4 c5 2. c3 d5 3. exd5 Qxd5 4. Nf3 Nf6 5. Na3 e6 6. Bc4 Qd8 7. O-O Nc6 8.
Re1 Be7 9. Nc2 O-O 10. d4 b6 11. Bf4 Bb7 12. Qe2 Qc8 13. dxc5 Bxc5 14. Rad1 Re8
15. Bg5 Be7 16. Rd2 a6 17. a4 Na5 18. Ba2 Ne4 19. Bxe7 Nxd2 20. Nxd2 Rxe7 21.
Bb1 Nc6 22. Ne3 Qc7 23. Qh5 g6 24. Qh4 f5 25. Nf3 Kg7 26. Ba2 Rae8 27. Ng5 Kh8
28. Nf1 Nd8 29. Qd4+ e5 30. Qh4 Qc6 31. f3 Qf6 32. Ne3 Rd7 33. g3 b5 34. a5 Bc6
35. Bb3 Ree7 36. Ng2 Bd5 37. Bc2 Ne6 38. Nxe6 Qxh4 39. Nxh4 Rxe6 40. Kf2 Bc4
41. Rd1 Rxd1 42. Bxd1 Rd6 43. Ke1 Bf1 44. Bc2 Bh3 45. Ke2 Kg7 46. Ke3 Kf6 47.
f4 e4 48. Bb3 Rd3+ 49. Ke2 h6 0-1

[Event "43. Olimpiada Batumi 2018 Femenina"]
[Site "Batumi GEO"]
[Date "2018.10.05"]
[Round "11.2"]
[White "Olde, Margareth"]
[Black "Alboredo, Julia"]
[Result "1/2-1/2"]
[WhiteElo "2158"]
[BlackElo "2174"]
[PlyCount "166"]
[EventDate "2018.09.24"]
[EventType "team-swiss"]
[EventRounds "11"]
[EventCountry "GEO"]
[SourceTitle "Ajedrez en Madrid"]
[Source "lmi"]
[SourceDate "2018.09.24"]
[WhiteTeam "Estonia"]
[BlackTeam "Brazil"]
[WhiteTeamCountry "EST"]
[BlackTeamCountry "BRA"]

1. e4 c5 2. c4 Nc6 3. Nf3 d6 4. Nc3 Nf6 5. Be2 g6 6. d4 cxd4 7. Nxd4 Nxd4 8.
Qxd4 Bg7 9. O-O O-O 10. Rd1 Be6 11. Qe3 Nd7 12. Nd5 a5 13. Rb1 a4 14. Bd2 Bxd5
15. exd5 Re8 16. Bc3 Bxc3 17. Qxc3 Qa5 18. Qh3 Qc7 19. Rd4 Nf8 20. Bf1 Ra5 21.
Qg3 Nd7 22. h4 Nf6 23. Qd3 h5 24. Qd2 Kg7 25. g3 Rc5 26. Re1 Ng4 27. Be2 Nf6
28. Bf1 Qa5 29. b4 axb3 30. axb3 Qxd2 31. Rxd2 Ra5 32. b4 Ra4 33. Rb2 Raa8 34.
Bg2 Rac8 35. Rc2 b6 36. Ra1 Ra8 37. Rca2 Rxa2 38. Rxa2 Rc8 39. Rc2 Nd7 40. f4
b5 41. Bf1 bxc4 42. Rxc4 Rb8 43. Rc7 Nf6 44. Rxe7 Rxb4 45. Bh3 Kf8 46. Ra7 Nxd5
47. Rd7 Rb6 48. f5 Rb1+ 49. Kf2 Rb2+ 50. Kg1 Rb1+ 51. Kh2 Rb2+ 52. Kg1 gxf5 53.
Rxd6 Ne3 54. Rh6 Rb1+ 55. Kf2 Ng4+ 56. Bxg4 hxg4 57. Rf6 Rb5 58. Rc6 Kg7 59.
Rc4 Rb2+ 60. Kf1 Rb3 61. Kg2 Rf3 62. Rc5 f6 63. Rc4 Kg6 64. Rc6 f4 65. gxf4
Rxf4 66. Kg3 Ra4 67. Rb6 Re4 68. Ra6 Kh5 69. Rxf6 Re3+ 70. Kg2 Kxh4 71. Rh6+
Kg5 72. Ra6 Rb3 73. Ra8 Rb5 74. Rg8+ Kf4 75. Rf8+ Rf5 76. Rxf5+ Kxf5 77. Kg3
Kg5 78. Kg2 Kf4 79. Kf2 g3+ 80. Kg2 Kg4 81. Kg1 Kf3 82. Kf1 g2+ 83. Kg1 Kg3
1/2-1/2

[Event "43. Olimpiada Batumi 2018 Femenina"]
[Site "Batumi GEO"]
[Date "2018.10.05"]
[Round "11.3"]
[White "Librelato, Kathie Goulart"]
[Black "Narva, Triin"]
[Result "1/2-1/2"]
[WhiteElo "2110"]
[BlackElo "2113"]
[PlyCount "120"]
[EventDate "2018.09.24"]
[EventType "team-swiss"]
[EventRounds "11"]
[EventCountry "GEO"]
[SourceTitle "Ajedrez en Madrid"]
[Source "lmi"]
[SourceDate "2018.09.24"]
[WhiteTeam "Brazil"]
[BlackTeam "Estonia"]
[WhiteTeamCountry "BRA"]
[BlackTeamCountry "EST"]

1. c4 g6 2. Nf3 Bg7 3. g3 c5 4. Bg2 Nc6 5. O-O Nf6 6. Nc3 O-O 7. d4 cxd4 8.
Nxd4 Ng4 9. e3 Nge5 10. b3 d6 11. h3 a5 12. Bb2 Nb4 13. Rb1 Bd7 14. Ba1 Nec6
15. Qd2 Nxd4 16. exd4 Bf5 17. Rbd1 h5 18. Ne4 d5 19. Nc5 b6 20. Na4 e6 21. Bc3
Nc6 22. Rfe1 Rc8 23. Kh2 Qc7 24. Bb2 Rfd8 25. cxd5 exd5 26. Rc1 Kh7 27. Qd1 Rb8
28. Nc3 Be6 29. Nb5 Qd7 30. a4 Bf5 31. Ba3 Bf8 32. Bxf8 Rxf8 33. Re3 Rb7 34.
Qf3 Nb4 35. Rec3 Be4 36. Qf6 Qf5 37. Qxf5 Bxf5 38. Rc7 Rxc7 39. Rxc7 Kg7 40.
Nc3 Rd8 41. Rb7 Rd6 42. Nb5 Re6 43. Nc3 Rd6 44. Nb5 Re6 45. Rb8 Rc6 46. Rd8 Rc2
47. Nd6 Rxf2 48. Kg1 Rd2 49. Ne8+ Kf8 50. Nc7+ Ke7 51. Rb8 Rxd4 52. Rxb6 Rd1+
53. Kf2 Rd2+ 54. Kg1 Rd1+ 55. Kf2 Rd2+ 56. Kg1 Kd7 57. Nb5 Rd1+ 58. Kf2 Rd2+
59. Kg1 Rd1+ 60. Kf2 Rd2+ 1/2-1/2

[Event "43. Olimpiada Batumi 2018 Femenina"]
[Site "Batumi GEO"]
[Date "2018.10.05"]
[Round "11.4"]
[White "Olde, Grete"]
[Black "Rothebarth, Ana Vitoria de Paul"]
[Result "1-0"]
[WhiteElo "1907"]
[BlackElo "2063"]
[PlyCount "85"]
[EventDate "2018.09.24"]
[EventType "team-swiss"]
[EventRounds "11"]
[EventCountry "GEO"]
[SourceTitle "Ajedrez en Madrid"]
[Source "lmi"]
[SourceDate "2018.09.24"]
[WhiteTeam "Estonia"]
[BlackTeam "Brazil"]
[WhiteTeamCountry "EST"]
[BlackTeamCountry "BRA"]

1. e4 e5 2. Nf3 Nc6 3. Bb5 a6 4. Ba4 Nf6 5. d3 b5 6. Bb3 d6 7. c3 Be7 8. O-O
O-O 9. Re1 Na5 10. Bc2 c5 11. Nbd2 Nc6 12. Nf1 h6 13. Ng3 Re8 14. h3 Bf8 15. d4
Bd7 16. dxc5 dxc5 17. Nh4 g6 18. Be3 Be6 19. Qc1 Kh7 20. Rd1 Qe7 21. f4 exf4
22. Bxf4 Rad8 23. Qe3 Bc8 24. Qf2 Be6 25. e5 Nd7 26. Nh5 Ncxe5 27. Bxe5 Nxe5
28. Nf6+ Kg7 29. Nxe8+ Qxe8 30. Qg3 Rxd1+ 31. Rxd1 Nd7 32. Re1 c4 33. Bf5 Nc5
34. Qg4 Be7 35. Bxe6 Nxe6 36. Nxg6 fxg6 37. Qxe6 Bc5+ 38. Kh1 Qxe6 39. Rxe6 b4
40. Rxa6 bxc3 41. bxc3 h5 42. Rc6 Bf2 43. g4 1-0

[Event "43. Olimpiada Batumi 2018 Femenina"]
[Site "Batumi GEO"]
[Date "2018.10.05"]
[Round "11.1"]
[White "Ryjanova, Julia"]
[Black "Frayna, Janelle Mae"]
[Result "1-0"]
[WhiteElo "2330"]
[BlackElo "2287"]
[PlyCount "82"]
[EventDate "2018.09.24"]
[EventType "team-swiss"]
[EventRounds "11"]
[EventCountry "GEO"]
[SourceTitle "Ajedrez en Madrid"]
[Source "lmi"]
[SourceDate "2018.09.24"]
[WhiteTeam "Australia"]
[BlackTeam "Philippines"]
[WhiteTeamCountry "AUS"]
[BlackTeamCountry "PHI"]

1. d4 d5 2. c4 c6 3. Nc3 dxc4 4. e4 b5 5. a4 b4 6. Na2 e6 7. Bxc4 Nf6 8. e5 Nd5
9. Nf3 Be7 10. Bd2 a5 11. Nc1 Nd7 12. Nb3 Bb7 13. O-O O-O 14. Bd3 c5 15. dxc5
Rc8 16. Rc1 Bc6 17. Nbd4 h6 18. Qe2 Nxc5 19. Rxc5 Bxc5 20. Nxc6 Rxc6 21. Qe4 g6
22. Bxh6 Be7 23. Nd4 Rb6 24. Bxf8 Qxf8 25. Bc4 Qe8 26. Bxd5 exd5 27. Qxd5 Qxa4
28. b3 Qa3 29. Nc6 Bf8 30. e6 Rxc6 31. exf7+ Kg7 32. Qxc6 Qxb3 33. Ra1 Qb2 34.
Qa4 b3 35. Qxa5 Bb4 36. Qa8 Kxf7 37. Qf3+ Kg7 38. Ra7+ Kh6 39. Qe3+ Kh5 40.
Rh7+ Kg4 41. Qf3+ Kg5 1-0

[Event "43. Olimpiada Batumi 2018 Femenina"]
[Site "Batumi GEO"]
[Date "2018.10.05"]
[Round "11.2"]
[White "Mendoza, Shania Mae"]
[Black "Zhang, Jilin"]
[Result "0-1"]
[WhiteElo "2113"]
[BlackElo "2224"]
[PlyCount "147"]
[EventDate "2018.09.24"]
[EventType "team-swiss"]
[EventRounds "11"]
[EventCountry "GEO"]
[SourceTitle "Ajedrez en Madrid"]
[Source "lmi"]
[SourceDate "2018.09.24"]
[WhiteTeam "Philippines"]
[BlackTeam "Australia"]
[WhiteTeamCountry "PHI"]
[BlackTeamCountry "AUS"]

1. d4 Nf6 2. c4 c5 3. d5 e6 4. Nc3 exd5 5. cxd5 d6 6. e4 g6 7. Nf3 Bg7 8. Bc4
O-O 9. O-O Bg4 10. Re1 a6 11. a4 Nbd7 12. Be2 Bxf3 13. Bxf3 Rb8 14. a5 Re8 15.
Ra4 Rc8 16. b3 Rb8 17. Qc2 b5 18. axb6 Rxb6 19. Be2 Qb8 20. Bc4 Ne5 21. Bxa6
Rxb3 22. h3 Nfd7 23. Nd1 f5 24. f4 Nf7 25. Bc4 Rb4 26. Bd2 Rxa4 27. Qxa4 Nb6
28. Qc2 Nxc4 29. Qxc4 fxe4 30. Kh2 Bd4 31. Bc3 Bxc3 32. Nxc3 Qb4 33. Qxb4 cxb4
34. Rxe4 Rxe4 35. Nxe4 b3 36. Nc3 Nh6 37. Kg1 Nf5 38. Kf2 b2 39. Kf3 Kf7 40.
Ke4 Ng3+ 41. Kf3 Nh5 42. Ke4 Nf6+ 43. Kd4 h5 44. g3 h4 45. gxh4 Kg7 46. Nb1 Kh6
47. Kc3 Nxd5+ 48. Kxb2 Nxf4 49. Nd2 Kh5 50. Kc3 Kxh4 51. Kd4 Kxh3 52. Nc4 d5
53. Ne3 g5 54. Ke5 Kh4 55. Kf6 Nh5+ 56. Ke5 Kg3 57. Kxd5 Kf3 58. Nf5 Kf4 59.
Nd4 g4 60. Ne2+ Ke3 61. Nd4 Ng7 62. Nc2+ Kf2 63. Ke4 g3 64. Ne3 Nf5 65. Nd5
Nd6+ 66. Kd3 Nf7 67. Nc3 g2 68. Ne2 Ne5+ 69. Kd2 Nf3+ 70. Kd3 Ke1 71. Ke3 Nd4
72. Ng1 Kf1 73. Nh3 Ne6 74. Kd2 0-1

[Event "43. Olimpiada Batumi 2018 Femenina"]
[Site "Batumi GEO"]
[Date "2018.10.05"]
[Round "11.3"]
[White "Nguyen, Thu Giang"]
[Black "San Diego, Marie Antoinette"]
[Result "1/2-1/2"]
[WhiteElo "2134"]
[BlackElo "2102"]
[PlyCount "83"]
[EventDate "2018.09.24"]
[EventType "team-swiss"]
[EventRounds "11"]
[EventCountry "GEO"]
[SourceTitle "Ajedrez en Madrid"]
[Source "lmi"]
[SourceDate "2018.09.24"]
[WhiteTeam "Australia"]
[BlackTeam "Philippines"]
[WhiteTeamCountry "AUS"]
[BlackTeamCountry "PHI"]

1. e4 c5 2. Nf3 d6 3. Bb5+ Nd7 4. O-O a6 5. Bxd7+ Bxd7 6. c4 Rc8 7. Nc3 Nf6 8.
e5 dxe5 9. Nxe5 Bc6 10. Ne2 e6 11. d4 Qc7 12. Re1 Bd6 13. Ng3 Rd8 14. Nxc6 bxc6
15. Qa4 cxd4 16. Qxa6 O-O 17. Qa4 h6 18. b4 Ra8 19. Qb3 Rfb8 20. Bd2 Ra6 21. a3
Qa7 22. Reb1 Ra4 23. Qb2 c5 24. h3 Ra8 25. Ne2 cxb4 26. Nxd4 bxa3 27. Qc3 Be5
28. Be3 Qc7 29. Rc1 Rd8 30. Qb3 Raa8 31. Nb5 Qc6 32. Rxa3 Rab8 33. Qc2 Nd7 34.
Ra5 Nb6 35. Na7 Qc7 36. Rxe5 Qxe5 37. Nc6 Qc7 38. Qe4 Rbc8 39. Nxd8 Qxd8 40.
Qg4 Kh8 41. Rd1 Qc7 42. Bd4 1/2-1/2

[Event "43. Olimpiada Batumi 2018 Femenina"]
[Site "Batumi GEO"]
[Date "2018.10.05"]
[Round "11.4"]
[White "Galas, Bernadette"]
[Black "Berezina, Irina"]
[Result "1/2-1/2"]
[WhiteElo "2080"]
[BlackElo "2112"]
[PlyCount "135"]
[EventDate "2018.09.24"]
[EventType "team-swiss"]
[EventRounds "11"]
[EventCountry "GEO"]
[SourceTitle "Ajedrez en Madrid"]
[Source "lmi"]
[SourceDate "2018.09.24"]
[WhiteTeam "Philippines"]
[BlackTeam "Australia"]
[WhiteTeamCountry "PHI"]
[BlackTeamCountry "AUS"]

1. e4 d6 2. d4 Nf6 3. Nc3 g6 4. Be3 Bg7 5. h3 O-O 6. Qd2 e5 7. d5 c6 8. O-O-O
cxd5 9. exd5 a6 10. g4 b5 11. g5 Nh5 12. Be2 Nf4 13. h4 Bf5 14. Bxf4 exf4 15.
Bd3 Bxd3 16. Qxd3 Nd7 17. Nge2 Rc8 18. Nd4 Ne5 19. Qh3 Qd7 20. Qxd7 Nxd7 21.
Nc6 Rfe8 22. Rhe1 Bxc3 23. bxc3 Kf8 24. Rxe8+ Rxe8 25. Nb4 Nc5 26. Nd3 Ne4 27.
Kb2 Rc8 28. Re1 Nxc3 29. Nb4 a5 30. Nc6 Nxd5 31. Nxa5 Nb4 32. Re2 f3 33. Rd2
Ke7 34. a3 Nc6 35. Nxc6+ Rxc6 36. Rd4 f6 37. Re4+ Kf7 38. Rf4 f5 39. Kb3 Ke6
40. c4 bxc4+ 41. Rxc4 Rb6+ 42. Kc2 Rb7 43. Rc3 f4 44. a4 Kf5 45. a5 Kg4 46. a6
Ra7 47. Ra3 Kxh4 48. Kd3 Kxg5 49. Ke4 Kg4 50. Ra1 d5+ 51. Ke5 Kh3 52. Kxf4 Kg2
53. Ra2 d4 54. Ke4 h5 55. Ra5 d3 56. Ke3 Re7+ 57. Kxd3 Kxf2 58. a7 Rxa7 59.
Rxa7 g5 60. Ra2+ Kg3 61. Ra5 g4 62. Rxh5 Kf2 63. Rh2+ Kg1 64. Rh4 g3 65. Rf4 g2
66. Rxf3 Kh2 67. Rf2 Kg3 68. Rxg2+ 1/2-1/2

[Event "43. Olimpiada Batumi 2018 Femenina"]
[Site "Batumi GEO"]
[Date "2018.10.05"]
[Round "11.1"]
[White "Bejatovic, Bojana"]
[Black "Sihite, Chelsie Monica Igne"]
[Result "1-0"]
[WhiteElo "2057"]
[BlackElo "2244"]
[PlyCount "137"]
[EventDate "2018.09.24"]
[EventType "team-swiss"]
[EventRounds "11"]
[EventCountry "GEO"]
[SourceTitle "Ajedrez en Madrid"]
[Source "lmi"]
[SourceDate "2018.09.24"]
[WhiteTeam "FYR Macedonia"]
[BlackTeam "Indonesia"]
[BlackTeamCountry "INA"]

1. e4 d6 2. d4 Nf6 3. Nc3 e5 4. Nf3 Nbd7 5. g4 Nxg4 6. Rg1 exd4 7. Nxd4 Nde5 8.
h3 Nf6 9. f4 Ng6 10. Be3 a6 11. Qd2 d5 12. e5 Ne4 13. Nxe4 dxe4 14. O-O-O c5
15. Nb3 Qc7 16. Nxc5 Bxc5 17. Bxc5 Bf5 18. Bd6 Qc6 19. Rg3 Rc8 20. Rc3 Qd7 21.
Rxc8+ Qxc8 22. Qe3 f6 23. Bg2 Qc6 24. Rd4 fxe5 25. fxe5 Kf7 26. Bxe4 Bxe4 27.
Rxe4 Re8 28. e6+ Kg8 29. Qf2 h6 30. Qf7+ Kh7 31. Rd4 Rc8 32. Qf5 Qh1+ 33. Rd1
Qg2 34. h4 h5 35. Qxh5+ Kg8 36. c3 Qe4 37. Qg5 Qxe6 38. h5 Nh8 39. Rg1 g6 40.
Be5 Nf7 41. Qxg6+ Qxg6 42. Rxg6+ Kf8 43. Bg7+ Ke7 44. h6 Rc5 45. Rb6 Rh5 46.
Rxb7+ Ke8 47. Rb6 a5 48. b4 axb4 49. cxb4 Kd7 50. Rb7+ Ke6 51. a4 Nd6 52. Rb6
Kd5 53. a5 Rh1+ 54. Kc2 Rh2+ 55. Kb3 Ne4 56. Rb8 Rh3+ 57. Ka4 Nd6 58. a6 Nc4
59. Rd8+ Ke6 60. Kb5 Na3+ 61. Kc6 Nc2 62. b5 Nb4+ 63. Kb7 Rh5 64. b6 Rf5 65.
Rf8 Rd5 66. Rc8 Nd3 67. a7 Rd7+ 68. Rc7 Nc5+ 69. Kc6 1-0

[Event "43. Olimpiada Batumi 2018 Femenina"]
[Site "Batumi GEO"]
[Date "2018.10.05"]
[Round "11.2"]
[White "Fisabilillah, Ummi"]
[Black "Stojkovska, Monika"]
[Result "1-0"]
[WhiteElo "2227"]
[BlackElo "2106"]
[PlyCount "165"]
[EventDate "2018.09.24"]
[EventType "team-swiss"]
[EventRounds "11"]
[EventCountry "GEO"]
[SourceTitle "Ajedrez en Madrid"]
[Source "lmi"]
[SourceDate "2018.09.24"]
[WhiteTeam "Indonesia"]
[BlackTeam "FYR Macedonia"]
[WhiteTeamCountry "INA"]

1. d4 e6 2. Nf3 Nf6 3. g3 b6 4. Bg2 Bb7 5. O-O c5 6. c3 Be7 7. Nbd2 O-O 8. Nb3
d6 9. Re1 Nbd7 10. Be3 c4 11. Nbd2 Qc7 12. Nf1 e5 13. Nh4 Bxg2 14. Kxg2 Nd5 15.
Nf5 Qc6 16. Kg1 Bf6 17. Qd2 Ne7 18. dxe5 Nxf5 19. exf6 Nxf6 20. Rad1 d5 21. Bg5
Rad8 22. Qf4 Qe6 23. Bxf6 Qxf6 24. g4 Ne7 25. Qxf6 gxf6 26. Ne3 b5 27. Rd4 Rd7
28. Red1 Rfd8 29. b3 Kf8 30. bxc4 bxc4 31. Nxc4 Rc8 32. e4 Rc5 33. Ne3 Rxc3 34.
exd5 Rd6 35. Kg2 Rc5 36. Kf3 Ke8 37. Ke4 Kd8 38. Ra4 a6 39. Rb4 Rb5 40. Rxb5
axb5 41. Rb1 Ra6 42. Rxb5 Ra4+ 43. Kf3 Rxa2 44. Rb8+ Nc8 45. Nf5 Kc7 46. Rb3
Rd2 47. Ne3 Ne7 48. Rb5 Rd4 49. d6+ Kxd6 50. Rh5 Ke6 51. Rxh7 Ng6 52. Rh6 Ra4
53. Rh5 Ke7 54. Rb5 Kf8 55. Kg3 Ra3 56. h4 Kg7 57. h5 Ne5 58. Rb4 Rc3 59. Rf4
Ra3 60. Kg2 Rd3 61. Nf5+ Kh7 62. Ng3 Kg7 63. Ne4 Nd7 64. Rf5 Ra3 65. f3 Ra1 66.
Rd5 Ne5 67. g5 Nc4 68. gxf6+ Kh6 69. Rc5 Nb6 70. Nf2 Nd7 71. Ng4+ Kh7 72. Rg5
Kh8 73. Rd5 Ra7 74. Kg3 Kh7 75. Kf4 Nf8 76. Ne5 Kh6 77. Ng4+ Kh7 78. Kg3 Ne6
79. Rd3 Rb7 80. f4 Nc5 81. Re3 Ne6 82. f5 Ng5 83. Kf4 1-0

[Event "43. Olimpiada Batumi 2018 Femenina"]
[Site "Batumi GEO"]
[Date "2018.10.05"]
[Round "11.3"]
[White "Koskoska, Gabriela"]
[Black "Anisa, Aay Aisyah"]
[Result "1/2-1/2"]
[WhiteElo "2026"]
[BlackElo "1968"]
[PlyCount "76"]
[EventDate "2018.09.24"]
[EventType "team-swiss"]
[EventRounds "11"]
[EventCountry "GEO"]
[SourceTitle "Ajedrez en Madrid"]
[Source "lmi"]
[SourceDate "2018.09.24"]
[WhiteTeam "FYR Macedonia"]
[BlackTeam "Indonesia"]
[BlackTeamCountry "INA"]

1. e4 c5 2. d3 Nc6 3. Nc3 g6 4. g3 Bg7 5. Bg2 d6 6. Nge2 e6 7. O-O Nge7 8. Be3
Nd4 9. Qd2 O-O 10. Nd1 Nxe2+ 11. Qxe2 Bd7 12. c3 Rc8 13. Qd2 Bc6 14. Re1 b6 15.
d4 e5 16. dxe5 dxe5 17. f3 Qc7 18. Nf2 Rcd8 19. Qc2 Qb7 20. Rad1 Nc8 21. b4
cxb4 22. cxb4 Nd6 23. a4 f6 24. Bh3 Be8 25. Be6+ Bf7 26. Qb3 Rfe8 27. Bd5 Bxd5
28. Rxd5 Nf7 29. Red1 Rxd5 30. Rxd5 Bf8 31. b5 Kg7 32. Qd1 Re7 33. Kg2 Rc7 34.
h4 Rc3 35. Rd7 Rc7 36. Rd5 Rc3 37. Rd7 Rc7 38. Rd5 Rc3 1/2-1/2